Bytový dom

Gespeichert in:
Bibliographische Detailangaben
1. Verfasser: Nagy, Tomáš (Verfasst von)
Weitere Verfasser: Paulovičová, Lucia (Betreuung Doktorarbeit)
Format: Manuskript Buch
Sprache:Slowakisch
Veröffentlicht: 2025
Schlagworte:
Online-Zugang:http://is.stuba.sk/zp/portal_zp.pl?podrobnosti=174546
CRZP
Tags: Tag hinzufügen
Keine Tags, Fügen Sie das erste Tag hinzu!

MARC

LEADER 00000ntm a22000003a 4500
001 stuzp104781
003 SK-STU
005 20250729105711.3
007 ta
008 150427s2015----xo-----f-mn---000-0-slo-d
040 |a STU  |b slo 
041 0 |a slo 
100 1 |a Nagy, Tomáš  |u 010270  |4 aut  |U SvF Stavebná fakulta  |T SvF Katedra technológie stavieb  |X 120065  |U V270  |Y 28  |7 120065 
242 0 1 |a Rezidential building  |y eng 
245 1 0 |a Bytový dom 
260 |c 2025 
650 4 |a Bytový dom  |2 slo 
650 4 |a Projekt organizácie výstavby  |2 slo 
650 4 |a Vŕtané pilóty  |2 slo 
650 4 |a Apartment building  |2 eng 
650 4 |a Building realization  |2 eng 
650 4 |a Bored piles  |2 eng 
700 1 |a Paulovičová, Lucia  |u 010270  |k Z8  |4 ths  |U SvF Stavebná fakulta  |T SvF Katedra technológie stavieb  |X 52129  |U V270  |Y 28  |7 A000052129 
856 4 |u http://is.stuba.sk/zp/portal_zp.pl?podrobnosti=174546 
856 4 |u https://opac.crzp.sk/?fn=detailBiblioForm&sid=4013D2F8FE5692F45ACA2A4F6B33  |z CRZP